Reflejos del Proyecto de Código Civil y Comercial en materia concursal (Registro nro. 21027)

Detalles MARC
000 -LEADER
fixed length control field 00410 a2200109 4500
001 - CONTROL NUMBER
control field ART_42183
005 - DATE AND TIME OF LATEST TRANSACTION
control field 20260410161806.0
008 - FIXED-LENGTH DATA ELEMENTS--GENERAL INFORMATION
fixed length control field 260409a
100 1# - MAIN ENTRY--PERSONAL NAME
Personal name Junyent Bas, Francisco
245 10 - TITLE STATEMENT
Title Reflejos del Proyecto de Código Civil y Comercial en materia concursal
773 0# - HOST ITEM ENTRY
Title Doctrina Societaria y Concursal
Related parts Proyecto de reforma de los Códigos Civil y Comercial (sep. 2012)
Record control number REV4298

No hay ítems disponibles.